Synthesis of Metal Nanoparticles on the Surface of Melt-blown Polypropelene Nonwoven; German-Russian Forum Nanotechnology

Bibliografiske detaljer
Parent link:German-Russian Forum Nanotechnology.— 2013.— [P. 70]
Hovedforfatter: Malinovskay T. D. Tatyana
Institution som forfatter: Национальный исследовательский Томский политехнический университет (ТПУ) Институт кибернетики (ИК) Кафедра инженерной графики и промышленного дизайна (ИГПД)
Andre forfattere: Lysak G. V. Galina, Lysak I. A. Ilya Aleksandrovich
Summary:Title screen.
Sprog:engelsk
Udgivet: 2013
Fag:
Online adgang:http://www.lib.tpu.ru/fulltext/c/2013/C100/001.pdf
Format: MixedMaterials Electronisk Book Chapter
KOHA link:https://koha.lib.tpu.ru/cgi-bin/koha/opac-detail.pl?biblionumber=611688

MARC

LEADER 00000naa2a2200000 4500
001 611688
005 20260416104428.0
035 |a (RuTPU)RU\TPU\conf\9500 
090 |a 611688 
100 |a 20150410d2013 k y0rusy50 ba 
101 0 |a eng 
102 |a RU 
135 |a drcn ---uucaa 
181 0 |a i  
182 0 |a b 
200 1 |a Synthesis of Metal Nanoparticles on the Surface of Melt-blown Polypropelene Nonwoven  |f T. D. Malinovskay, G. V. Lysak, I. A. Lysak 
203 |a Текст  |c электронный 
300 |a Title screen. 
337 |a Adobe Reader 
463 1 |0 (RuTPU)RU\TPU\conf\9499  |t German-Russian Forum Nanotechnology  |o programme and abstracts, May, 21-24, 2013, Tomsk, Russia  |f National Research Tomsk Polytechnic University (TPU)  |v [P. 70]  |d 2013 
610 1 |a труды учёных ТПУ 
610 1 |a электронный ресурс 
700 1 |a Malinovskay  |b T. D.  |g Tatyana 
701 1 |a Lysak  |b G. V.  |g Galina 
701 1 |a Lysak  |b I. A.  |c specialist in the field of automation and robotics  |c Associate Professor of Tomsk Polytechnic University, Candidate of technical sciences  |f 1977-  |g Ilya Aleksandrovich  |3 (RuTPU)RU\TPU\pers\31987  |9 16047 
712 0 2 |a Национальный исследовательский Томский политехнический университет (ТПУ)  |b Институт кибернетики (ИК)  |b Кафедра инженерной графики и промышленного дизайна (ИГПД)  |3 (RuTPU)RU\TPU\col\18737 
801 2 |a RU  |b 63413507  |c 20150410  |g RCR 
856 4 |u http://www.lib.tpu.ru/fulltext/c/2013/C100/001.pdf 
942 |c BK